Batailles napoléoniennes sur une carte - Statistiques

Statistiques générales
  • Ce quiz a été pris 28 515 fois
  • Le résultat moyen est 5 sur 15
Réponses sur la Carte
Les réponses sont colorées sur une échelle allant du rouge au vert en fonction du pourcentage des utilisateurs qui les ont devinées à leur premier essai. Vous pouvez retrouver ces pourcentages ci-dessous.
 
Statistiques - réponses
Date Issue Bataille % Correct
18 juin 1815 Losing swords Waterloo
96%
2 décembre 1805 Victorious swords Austerlitz
74%
14 octobre 1806 Victorious swords Iéna
47%
21 octobre 1805 Losing swords Trafalgar
46%
26-29 novembre 1812 Victorious swords la Bérézina
42%
16-19 octobre 1813 Losing swords Leipzig
27%
5-6 juillet 1809 Victorious swords Wagram
26%
7 septembre 1812 Victorious swords la Moskova
24%
15-17 novembre 1796 Victorious swords Arcole
22%
14 juin 1800 Victorious swords Marengo
21%
8 février 1807 Victorious swords Eylau
19%
20 octobre 1805 Victorious swords Ulm
19%
14 juin 1807 Victorious swords Friedland
17%
20 février 1809 Victorious swords Saragosse
14%
19-22 juillet 1808 Losing swords Bailén
5%
Aucun quiz correspondant
Distribution des résultats
% des personnes avec chaque résultat
Percentile par nombre de réponses
Votre historique - résultats
Vous n’avez pas pris ce quiz